| 000 | 00745nam a22002417a 4500 | ||
|---|---|---|---|
| 003 | UA-OsUOA | ||
| 001 | 65834 | ||
| 007 | ta | ||
| 008 | 20091210b un ||||| |||| 00| 0 ukr d | ||
| 100 | _aТатаринов С. Й. | ||
| 090 |
_a281.9(477) _bТ23 |
||
| 942 | _cBK | ||
| 040 |
_aUA-OsUOA _bukr _cUA-OsUOA _dUA-OsUOA |
||
| 245 |
_aПравослав'я бахмутського краю - погляд крізь століття... _bІсторичний нарис |
||
| 300 | _a123 с. | ||
| 955 | _a2 | ||
| 041 | _aukr | ||
| 080 | _a281.9(477) | ||
| 020 | _a978-966-8241-96-3 | ||
| 260 |
_aАртемівськ _c2009 |
||
| 650 | 7 |
_a281.9 Східна православна церква і скопці _2UDC |
|
| 999 |
_c352332 _d352332 |
||